Score 0/26 Timer 03:00
0 Plays Today
Phrase Bird % Correct
To Kill a _____Mockingbird
98.7%
'And a _____ in a pear tree!'Partridge
95.2%
_____ HoodRobin
94.1%
'Why did the _____ cross the road?'Chicken
93.5%
Sheryl _____Crow
89.5%
Black _____ DownHawk
89.3%
_____ LakeSwan
81.5%
The _____ Has LandedEagle
80.6%
Woody _____Woodpecker
79.9%
'Bitter pill to _____'Swallow
79.5%
March of the _____Penguins
78.7%
Lame _____ politicianDuck
77.6%
_____-ZJay
76.9%
Phrase Bird % Correct
_____ coasterRoller
76.8%
Ichabod _____Crane
73.6%
Quoth the ____, 'Nevermore!'Raven
72.9%
Mother _____ and GrimmGoose
72.8%
The _____ BriefPelican
72.6%
When _____ CryDoves
70.9%
Aston _____Martin
70.9%
Clay _____ shootingPigeon
70.3%
The _____ RunnerKite
44.2%
_____ trapBooby
38.1%
'Dream _____ I believe you can get me through the night.'Weaver
37.6%
Clarice _____Starling
34.6%
Stanford _____Cardinal
29.7%

Today's Daily Dose

Word Ladder
Folklore Song

Get the Picture
'B' Sanders

Remove Ads.
Support Sporcle.
Get the best of Sporcle when you Go Orange. This ad-free experience offers more features, more stats, and more fun while also helping to support Sporcle. Thank you for becoming a member.

You're not logged in!

Compare scores with friends on all Sporcle quizzes.
OR
Log In

Show Comments

Extras

Top Quizzes Today


Score Distribution

Your Account Isn't Verified!

In order to create a playlist on Sporcle, you need to verify the email address you used during registration. Go to your Sporcle Settings to finish the process.

Report this User

Report this user for behavior that violates our Community Guidelines.

Details: